000 00361nam a22001337a 4500
008 230605b xxu||||| |||| 00| 0 eng d
020 _a0406174032
082 _a328.373094
_bDAL
100 _cSir William Dale
245 _aLegislative Drafting:A New Approach
260 _aLondon
_bButterworth & Co. (Publishers) Ltd
_c1977
300 _aXV,341p
942 _2ddc
_cBK
999 _c284
_d284